000 00439nam a22001697a 4500
005 20260331125839.0
008 260331b |||||||| |||| 00| 0 eng d
020 _a978-93-81056-67-7
041 _aeng
082 _a305.8 PAN-P
100 _aPANKAJ, ASHWINI KUMAR
_98913
245 _aPRATHMIK ADIVASI VIMARSH
260 _aRANCHI
_bPYARA FOUNDATION RANCHI
300 _a160;P
650 _aBHARTIYA GYAN PARAMPARA
_98906
942 _cBK
999 _c9106
_d9104